| 000 | 00993nam a2200229 a 4500 | ||
|---|---|---|---|
| 005 | 20210223132745.0 | ||
| 008 | 151021s2014 mx r 000 0 spa d | ||
| 020 | _a9786074660647 | ||
| 035 | _aUPN01000206207 | ||
| 049 | _aCG | ||
| 050 | 4 |
_aHD6475 A2 _bC6.4 |
|
| 111 | 2 |
_aColoquio Lombardo, la C.T.A.L. y el Movimiento Sindical en América Latina _d(2013 : _cMéxico) |
|
| 245 | 1 | 0 |
_aLombardo, la C.T.A.L. y el movimiento sindical en América Latina : _bpasado, presente y porvenir / _ced. Marcela Lombardo. |
| 260 |
_aMéxico : _bCentro de Estudios Filosóficos, Políticos y Sociales Vicente Lombardo Toledano. _c2014. |
||
| 300 | _a204 p. | ||
| 440 | 0 | _aEstudios sobre la vida y obra de Vicente Lombardo Toledano | |
| 600 | 1 | 4 |
_aLOMBARDO TOLEDANO, VICENTE, _d1894-1968 - _xPUNTOS DE VISTA POLITICOS Y SOCIALES _922190 |
| 610 | 2 | 4 |
_aCONFEDERACION DE TRABAJADORES DE AMERICA LATINA - _vCONGRESOS _924440 |
| 700 | 1 |
_aLombardo Otero, Marcela, _eed. |
|
| 905 | _aLibro | ||
| 999 |
_c178308 _d178308 |
||